Statistics for Statistics and Data Analysis

Click here to take the quiz!

General Stats

  • This quiz has been taken 54 times
  • The average score is 12 of 20

Answer Stats

HintAnswer% Correct
The average value in a data setMean
96%
The value of the 50th percentile in a data setMedian
82%
The most frequent value in a data setMode
80%
Measure of variation of a set of data valuesStandard deviation
76%
Each 25% of a data distributionQuartile
69%
A subset of data taken from a populationSample
69%
Greek letter symbolizing the aboveSigma
69%
Indicator of statistical significance of a testp-value
67%
Data distribution that is bell-shapedNormal
62%
An unusually large or small valueOutlier
62%
Greek letter symbolizing the aboveMu
56%
The hypothesis to be rejected in a statistical testNull hypothesis
53%
A parameter of association between two variablesCorrelation
51%
Data distribution with two peaksBimodal
47%
Measure of the degree of asymmetry around the mean of a data distributionSkewness
47%
Letter used to denote standard/normalized scoresz
47%
Unexplained variance in a regression equationError
38%
Band of variation around a parameter estimateConfidence Interval
36%
Examines the size of the peak and the tails of a data distributionKurtosis
24%
Assumption about the relation among error terms in statistical analysisIndependence
22%

Score Distribution

Percentile by Number Answered

Percent of People with Each Score

Your Score History

You have not taken this quiz